00672 2200241 4500001002100000005001700021008004100038035002400079082000800103090001500111100002000126245012000146250001100266260002500277300003100302650001400333700002200347850001500369980001300384985000600397986001200403999001500415YOGYA-0209000000308720090227020609.0 ind  0010-020900000003087 a658 a658bBro T aBROWN, W. Steve a13 kesalahan fatal yang dilakukan manajer dan cara menghidarinyacW. Steve Brown ; alih bahasa, A. Sandiwan Suharto aCet. 6 aJakartabMitra Utama aviii, 227 hlmbilusc20 cm aManajemen aSUHARTO, Sandiman aYOPDYOG[B] a06-01-11 a1 aMsrtrev aP000033240